Statystyki dla Stolice świata na literę R

Kliknij tutaj aby rozwiązać quiz!

Ogólne statystyki

  • Ten quiz został rozwiązany 9 498 razy
  • Średni wynik to 3 z 6

Statystyki odpowiedzi

PaństwoStolica% Poprawnych
ŁotwaRyga
82%
WłochyRzym
78%
IslandiaReykjavik
74%
MarokoRabat
49%
Arabia SaudyjskaRijad
42%
DominikaRoseau
22%

Rozkład punktacji

Percentyl według liczby udzielonych odpowiedzi

Procent ludzi z każdym wynikiem

Twoja historia wyników

Nie rozwiązałeś tego quizu